000 00965nam a2200253Ia 4500
003 GCL
008 140319s9999 xx 000 0 ara d
040 _aGCL /
_cGCL
082 0 4 _a956.903
_bع ج
100 1 _aمنى حبيب
245 1 0 _aجسر العودة :
_bحقوق اللاجئين الفلطسينين فى ظل مسارات التسوية /
_cمنى حبيب
700 1 _aقاسم شعبان
700 1 _aعصام الدين محمد حسن
260 _aالقاهرة :
_bمركز القاهرة لدراسات حقوق الانسان ،
_c2002
300 _a286 ص ؛
_c24 سم
490 _a
650 0 4 _aطرق التدريس
650 0 4 _aاللغة العربية
650 0 4 _aالقضية الفلسطينية
650 0 4 _aتعليم وتدريس
650 0 4 _aاللاجئون الفلسطينيون
650 0 4 _aفلسطين - تاريخ - العصر الحديث - الاحتلال البريطانى
942 _2ddc
_cBK
999 _c27732
_d27732